Επισκόπηση στα αδόμητα δίκτυα οχημάτων (VANETs) : πτυχιακή εργασία

Επισκόπηση στα δίκτυα οχημάτων

Αποθηκεύτηκε σε:
Λεπτομέρειες βιβλιογραφικής εγγραφής
Κύριος συγγραφέας: Μπάλλος, Δημήτριος
Συγγραφή απο Οργανισμό/Αρχή: Πανεπιστήμιο Αιγαίου. Σχολή Θετικών Επιστημών. Τμήμα Μηχανικών Πληροφοριακών και Επικοινωνιακών Συστημάτων
Μορφή: Thesis Βιβλίο
Γλώσσα:Greek
Δημοσίευση: 2013.
Θέματα:
Διαθέσιμο Online:http://hdl.handle.net/11610/8711
Ετικέτες: Προσθήκη ετικέτας
Δεν υπάρχουν, Καταχωρήστε ετικέτα πρώτοι!

MARC

LEADER 00000cam a2200000 i 4500
001 1/55751
008 140912s2013 gr ||| gre||
035 |l 10119062 
040 |a GR-MY-UA  |b gre  |e aacr 
041 0 |a gre 
082 0 |a 388.312   |2 (22)  
100 1 |a Μπάλλος, Δημήτριος. 
245 1 0 |a Επισκόπηση στα αδόμητα δίκτυα οχημάτων (VANETs) :   |b πτυχιακή εργασία /   |c του Δημητρίου Μπάλλου ; επιβλέπων καθηγητής Χαράλαμπος Σκιάνης.  
260 |c 2013.  
300 |a ix, 101 σ. :   |b σχέδια, πιν. ;   |c 30 εκ.  
500 |a Μέλη της εξεταστικής επιτροπής: Χαράλαμπος Σκιάνης, Δημοσθένης Βουγιούκας, Γεώργιος Καμπουράκης.  
502 # # |a Πτυχιακή εργασία – Πανεπιστήμιο Αιγαίου, Σάμος, 2013. 
504 |a Βιβλιογραφία: σ. 98-101.  
506 0 |a Διάθεση πλήρους κειμένου - Ελεύθερη πρόσβαση.  
520 |a Επισκόπηση στα δίκτυα οχημάτων  
610 2 0 |a University of the Aegean  |x Dissertations. 
650 0 0 |a Vehicular ad hoc networks (Computer networks) 
650 0 0 |a Dissertations, Academic  |z Greece. 
700 1 |a Σκιάνης, Χαράλαμπος,  |e dgs 
710 2 |a Πανεπιστήμιο Αιγαίου.   |b Σχολή Θετικών Επιστημών.   |b Τμήμα Μηχανικών Πληροφοριακών και Επικοινωνιακών Συστημάτων. 
852 |a INST  |b SAMOS  |c DIATR  |e 20140912  |h 388.132 ΜΠΑ  |p 005300037015  |q 005300037015  |t DIE  |y 23 
852 |a INST  |b SAMOS  |c DIATR  |e 20140912  |h 388.132 ΜΠΑ  |p 005300037016  |q 005300037016  |t DIE  |y 23 
856 |u http://hdl.handle.net/11610/8711 
901 |a BIBL3-2014-3 
909 |a Σ  |b 185198 
909 |a Σ  |b 185199 
924 |a ΜΠΑΛΛΟΣ  |b ΔΗΜΗΤΡΙΟΣ  |y ΣΑΜΟΣ  |z 2013-09 
970 |a ΚΟΣΙΕΡΗΣ  |b ΧΡΗΣΤΟΣ  |z 2014/09/12